logo

Bir Sreshtho Munshi Abdur Rouf Library
Jhenaidah Cadet College

David T. Mason, forestry advocate : (Record no. 4287)

MARC details
000 -LEADER
fixed length control field 01083pam a2200289 a 4500
001 - CONTROL NUMBER
JCCL Control Number 4287
003 - CONTROL NUMBER IDENTIFIER
JCCL marc code BD-JhCC
005 - DATE AND TIME OF LATEST TRANSACTION
control field 20171125200253.0
008 - FIXED-LENGTH DATA ELEMENTS--GENERAL INFORMATION
fixed length control field 830829s1983 cauacf b 001 0beng
020 ## - INTERNATIONAL STANDARD BOOK NUMBER
International Standard Book Number 0890300445 (pbk.) :
Terms of availability $5.00
035 ## - SYSTEM CONTROL NUMBER
system control number (BD-JhCC)
040 ## - CATALOGING SOURCE
Original cataloging agency DLC
Transcribing agency DLC
Modifying agency DLC
041 ## - LANGUAGE CODE
Language code of Book eng
050 00 - LIBRARY OF CONGRESS CALL NUMBER
Classification number SD129.M3
Item number R53 1983
082 00 - DEWEY DECIMAL CLASSIFICATION NUMBER
Classification number 634.9/092/4
-- B
DDC Edition number 19
Author mark and Year RIC 1983
100 1# - MAIN ENTRY--PERSONAL NAME
Personal name Richardson, Elmo.
245 10 - TITLE STATEMENT
Title David T. Mason, forestry advocate :
Remainder of title his role in the application of sustained yield management to private and public forest lands /
Statement of responsibility, etc Elmo Richardson.
260 ## - PUBLICATION, DISTRIBUTION, ETC. (IMPRINT)
Place of publication, distribution, etc Santa Cruz, Calif. :
Name of publisher, distributor, etc Forest History Society,
Date of publication, distribution, etc c1983.
300 ## - PHYSICAL DESCRIPTION
Pagination xiii, 125 p., [8] p. of plates :
Other physical details ill., ports. ;
Dimensions 22 cm.
504 ## - BIBLIOGRAPHY, ETC. NOTE
Bibliography, etc Includes bibliographical references and index.
600 10 - SUBJECT ADDED ENTRY--PERSONAL NAME
Personal name Mason, David Townsend,
Dates associated with a name 1883-1973.
650 #0 - SUBJECT ADDED ENTRY--TOPICAL TERM
Topical term or geographic name as entry element Foresters
Geographic subdivision United States
General subdivision Biography.
650 #0 - SUBJECT ADDED ENTRY--TOPICAL TERM
Topical term or geographic name as entry element Forest management
Geographic subdivision United States
General subdivision History.
710 2# - ADDED ENTRY--CORPORATE NAME
Corporate name or jurisdiction name as entry element Forest History Society.
740 0# -
Uncontrolled related/analytical title Sustained yield management to private and public forest lands.
942 ## - ADDED ENTRY ELEMENTS (KOHA)
Source of classification or shelving scheme Dewey Decimal Classification
Koha item type Books
Holdings
Source of classification or shelving scheme Damaged status Not for loan Home library Current library Shelving location Date of accession Total Checkouts Full call number Barcode Date last seen Copy number Koha item type
Dewey Decimal Classification     JCC Rouf Library JCC Rouf Library General Stacks 11/25/2017   634.9/092/4 RIC 1983 6165 11/25/2017 C-1 Books

JCC Library | Contacts | JCC Home

Last Update on 23 September 2017
Copyright @ 2017-2020 JCC Rouf Library
Rouf Library, Jhenidah Cadet College (JCC), Bangladesh